<?xml version="1.0" encoding="UTF-8"?>
<record
    xmlns:xsi="http://www.w3.org/2001/XMLSchema-instance"
    xsi:schemaLocation="http://www.loc.gov/MARC21/slim http://www.loc.gov/standards/marcxml/schema/MARC21slim.xsd"
    xmlns="http://www.loc.gov/MARC21/slim">

  <leader>00847nam a2200229Ia 4500</leader>
  <controlfield tag="001">1446</controlfield>
  <controlfield tag="003">GE_BSU</controlfield>
  <controlfield tag="008">181216s||||||||xx |||||||||||||| ||und||</controlfield>
  <datafield tag="040" ind1=" " ind2=" ">
    <subfield code="c">GE_BSU</subfield>
  </datafield>
  <datafield tag="080" ind1=" " ind2=" ">
    <subfield code="a">632.9</subfield>
  </datafield>
  <datafield tag="245" ind1=" " ind2=" ">
    <subfield code="a">&#x411;&#x438;&#x43E;&#x43B;&#x43E;&#x433;&#x438;&#x447;&#x435;&#x441;&#x43A;&#x430;&#x44F; &#x437;&#x430;&#x449;&#x438;&#x442;&#x430; &#x43F;&#x43B;&#x43E;&#x434;&#x43E;&#x432;&#x44B;&#x445; &#x43A;&#x443;&#x43B;&#x44C;&#x442;&#x443;&#x440; &#x432; &#x413;&#x440;&#x443;&#x437;&#x438;&#x438;</subfield>
  </datafield>
  <datafield tag="245" ind1=" " ind2=" ">
    <subfield code="b">&#x410;&#x43A;&#x430;&#x434;.&#x441;&#x435;&#x43B;&#x44C;&#x445;&#x43E;&#x437; &#x43D;&#x430;&#x443;&#x43A; &#x438;&#x43C;. &#x412;.&#x418;.&#x41B;&#x435;&#x43D;&#x438;&#x43D;&#x430;. &#x417;&#x430;&#x43A;&#x430;&#x432;&#x43A;&#x430;&#x437;&#x441;&#x43A;&#x43E;&#x435; &#x440;&#x435;&#x433;&#x438;&#x43E;&#x43D;&#x430;&#x43B;&#x44C;&#x43D;&#x43E;&#x435; &#x43E;&#x442;&#x434;&#x435;&#x43B;&#x435;&#x43D;&#x438;&#x435;(&#x421;&#x435;&#x440;&#x438;&#x44F; &#x437;&#x430;&#x449;&#x438;&#x442;&#x430; &#x440;&#x430;&#x441;&#x442;&#x435;&#x43D;&#x438;&#x438;)</subfield>
  </datafield>
  <datafield tag="245" ind1=" " ind2=" ">
    <subfield code="c">&#x41E;&#x442;&#x432;. &#x440;&#x435;&#x434;.&#x42F;&#x441;&#x43D;&#x43E;&#x448; &#x412;.&#x410;.  &#x41C;&#x436;&#x430;&#x432;&#x430;&#x43D;&#x430;&#x434;&#x437;&#x435;</subfield>
  </datafield>
  <datafield tag="260" ind1=" " ind2=" ">
    <subfield code="a">&#x422;&#x431;&#x438;&#x43B;&#x438;&#x441;&#x438;</subfield>
  </datafield>
  <datafield tag="260" ind1=" " ind2=" ">
    <subfield code="c">1986</subfield>
  </datafield>
  <datafield tag="300" ind1=" " ind2=" ">
    <subfield code="a">159&#x441;&#x442;&#x440;.</subfield>
  </datafield>
  <datafield tag="541" ind1=" " ind2=" ">
    <subfield code="h">5&#x43B;.</subfield>
  </datafield>
  <datafield tag="653" ind1=" " ind2=" ">
    <subfield code="a">&#x411;&#x438;&#x43E;&#x43B;&#x43E;&#x433;&#x438;&#x447;&#x435;&#x441;&#x43A;&#x430;&#x44F; &#x437;&#x430;&#x449;&#x438;&#x442;&#x430; &#x43F;&#x43B;&#x43E;&#x434;&#x43E;&#x432;&#x44B;&#x445; &#x43A;&#x443;&#x43B;&#x44C;&#x442;&#x443;&#x440; &#x432; &#x413;&#x440;&#x443;&#x437;&#x438;&#x438;</subfield>
  </datafield>
  <datafield tag="653" ind1=" " ind2=" ">
    <subfield code="a">&#x411;&#x438;&#x43E;&#x43B;&#x43E;&#x433;&#x438;&#x44F;</subfield>
  </datafield>
  <datafield tag="653" ind1=" " ind2=" ">
    <subfield code="a">&#x10D1;&#x10D8;&#x10DD;&#x10DA;&#x10DD;&#x10D2;&#x10D8;&#x10D0;</subfield>
  </datafield>
  <datafield tag="942" ind1=" " ind2=" ">
    <subfield code="c">BK</subfield>
  </datafield>
  <datafield tag="999" ind1=" " ind2=" ">
    <subfield code="c">35583</subfield>
    <subfield code="d">35583</subfield>
  </datafield>
  <datafield tag="952" ind1=" " ind2=" ">
    <subfield code="0">0</subfield>
    <subfield code="1">0</subfield>
    <subfield code="4">0</subfield>
    <subfield code="7">0</subfield>
    <subfield code="9">34031</subfield>
    <subfield code="d">2018-12-17</subfield>
    <subfield code="p">2869</subfield>
    <subfield code="r">2018-12-17</subfield>
    <subfield code="w">2018-12-17</subfield>
    <subfield code="y">BK</subfield>
  </datafield>
</record>
